Classical Banach spaces I : sequence spaces ; Classical Banach spaces II : function spaces /

Guardado en:
Autor Principal: Lindenstrauss, Joram, 1936-
Otros Autores: Tzafriri, Lior, 1936-
Formato: Libro
Idioma:English
Publicado: Berlin : Springer, c1996.
Series:Ergebnisse der Mathematik und ihrer Grenzgebiete ; 92 [etc.]
Etiquetas: Agregar Etiqueta
Sin Etiquetas, Sea el primero en etiquetar este registro!
LEADER 01060nam a22002535a 4500
001 MAT.inmabb000213
008 770110m19779999gw#######b####001#0#eng##
005 20170524152439.0
245 1 0 |a Classical Banach spaces I :  |b sequence spaces ; Classical Banach spaces II : function spaces /  |c Joram Lindenstrauss, Lior Tzafriri. 
260 |a Berlin :  |b Springer,  |c c1996. 
300 |a 2 v. en 1 ;  |c 24 cm. 
490 1 |a Classics in mathematics 
500 |a Reprint of the 1977 ed. (Vol. I) ; reprint of the 1979 ed. (Vol. II). 
500 |a Originally published as v. 92 and v. 97 of the Ergebnisse der Mathematik und ihrer Grenzgebiete. 
504 |a Includes bibliographies and indexes. 
510 4 |a MR,  |c 81c:46001  |3 II 
510 4 |a MR,  |c 58 #17766  |3 I 
020 |a 3540606289 
830 0 |a Ergebnisse der Mathematik und ihrer Grenzgebiete ;  |v 92 [etc.] 
100 1 |a Lindenstrauss, Joram,  |d 1936- 
700 1 |a Tzafriri, Lior,  |d 1936- 
084 |a 46-02  |2 msc2000  |9 2000 
859 |h 46  |i L744b  |p A-7352  |b BIB. MATEMATICA 
859 |h 46  |i L744b  |p A-7933  |t Ej. 2  |b BIB. MATEMATICA